000 00420nam a2200181Ia 4500
001 10980
005 20260306161912.0
008 260306t2014||||xx |||||||||||||| ||spa||
041 _aESP
082 _a985
_bC265
100 _aContreras, Carlos
_eAUT
245 0 _aHistoria mínima del Perú
260 _c2014
300 _a290 páginas :
_c21 cm.
650 _aGEN
654 _aCHU
942 _cLIB
_dJUS
_fJUS
_2ddc
_n
999 _c10980
_d10980